000
00520nam a2200169Ia 4500
008
090711s9999 xx 000 0 und d
082
_b
50801
100
_a
दिघे प्रभाकर तुकाजी
245
_a
पंSाधारा
260
_c
1985
300
_a
60
600
_a
दिघे प्रभाकर तुकाजी
630
_a
पंSाधारा
700
_a
दिघे प्रभाकर तुकाजी
730
_a
पंSाधारा
942
_c
BOOK
999
_c
322730
_d
322730